Central Library OPAC University of Rajshahi

Identification and characterization of paramphistomes in cattle at Northern area of Bangladesh / (Record no. 84289)

MARC details
000 -LEADER
fixed length control field 01039nam a2200253 a 4500
001 - CONTROL NUMBER
RUCL Control Number 84289
003 - CONTROL NUMBER IDENTIFIER
rucl marc code BD-RjUL
005 - DATE AND TIME OF LATEST TRANSACTION
control field 20241112171122.0
008 - FIXED-LENGTH DATA ELEMENTS--GENERAL INFORMATION
fixed length control field 241112s2023 bg a|||| m||| 00| 0 eng d
035 ## - SYSTEM CONTROL NUMBER
system control number (BD-RjUL)84289
040 ## - CATALOGING SOURCE
Original cataloging agency BD-RjUL
Language of cataloging eng
Transcribing agency BD-RjUL
Modifying agency BD-RjUL
041 ## - LANGUAGE CODE
Language code of Book eng
082 ## - DEWEY DECIMAL CLASSIFICATION NUMBER
DDC Edition number 23
Classification number 636.20954924
Author mark and Year AZI 2023
100 ## - MAIN ENTRY--PERSONAL NAME
Personal name Azam, Md. Golam
9 (RLIN) 14228
245 10 - TITLE STATEMENT
Title Identification and characterization of paramphistomes in cattle at Northern area of Bangladesh /
Statement of responsibility, etc by Md. Golam Azam ;
Name of Supervisor/Co-Supervisor Supervisor :Moizur, Rahman, Co-Supervisor : Lovely, Nahar
260 ## - PUBLICATION, DISTRIBUTION, ETC. (IMPRINT)
Place of publication, distribution, etc Rajshahi :
Name of publisher, distributor, etc Department of Veterinary and Animal Sciences, University of Rajshahi,
Date of publication, distribution, etc 2023
300 ## - PHYSICAL DESCRIPTION
Pagination xvi, 161 leaves :
Other physical details ill, ;
Dimensions 29.cm.
502 ## - DISSERTATION NOTE
Dissertation note Thesis (Ph. D.) -- Department of Veterinary and Animal Sciences, University of Rajshahi,
504 ## - BIBLIOGRAPHY, ETC. NOTE
Bibliography, etc References : Leaves 133 - 158
650 ## - SUBJECT ADDED ENTRY--TOPICAL TERM
Topical term or geographic name as entry element Cattle
General subdivision Northern Area
Geographic subdivision Bangladesh
9 (RLIN) 14229
700 ## - ADDED ENTRY--SUPERVISOR/CO-SUPERVISOR NAME
Personal name Rahman, Moizur, Supervisor
9 (RLIN) 7087
Personal name Nahar, Lovely, Co-Supervisor
9 (RLIN) 14230
942 ## - ADDED ENTRY ELEMENTS (KOHA)
Source of classification or shelving scheme Dewey Decimal Classification
Koha item type Theses
Holdings
Source of classification or shelving scheme Damaged status Not for loan Collection code Permanent Location Current Location Shelving location Date of accession Source of acquisition Total Checkouts Full call number Barcode Date last seen Copy number Thesis
Dewey Decimal Classification   Not For Loan Theses Central Library, University of Rajshahi Central Library, University of Rajshahi Documentation Section 03/11/2024 Controller of Exam. R. U.   THE 636.20954924 AZI 2023 D4955 12/11/2024 C-1 Theses